000 00330pam a2200133 a 4500
020 _c
041 _h
082 _a751.422
_bBAR
100 _aRichard Botton .
245 _aWater Colour Painting Step- by- step
_hTextual Documents
260 _a[s.l]:
_bPage one Publishing ,
_c2009.
300 _a144:
_bpaper.
930 _a5795
999 _c239585
_d239585